| 000 | 00980nam a22003138a 4500 | ||
|---|---|---|---|
| 001 | 94045273 | ||
| 003 | PILC | ||
| 005 | 20150112093431.0 | ||
| 008 | 951122s1995 enka b 001 0 eng | ||
| 010 | _a94045273 | ||
| 020 | _a0133558924 | ||
| 035 | _aCUA000048074 | ||
| 040 |
_aDLC _cDLC |
||
| 049 | _aul | ||
| 050 |
_aHB 141 _b.H373 1995 |
||
| 082 | 0 | 0 |
_aESF 330.1 _b H244 1995 |
| 090 |
_aHB141 _b.H373 1995 |
||
| 100 | 1 |
_aHarris, Richard I. D., _d1957- _910395 |
|
| 245 | 1 | 0 |
_aUsing cointegration analysis in econometric modelling / _cR.I.D. Harris. |
| 260 |
_aHemel Hempstead, England : _bHarvester Wheatsheaf, Prentice Hall, _c1995. |
||
| 300 |
_a176 pages : _billustration ; _c24 cm. |
||
| 504 | _aIncludes bibliographical references (p. 168-172) and index. | ||
| 650 | 0 |
_aEconometric models. _910396 |
|
| 650 | 0 |
_aEconomics _xStatistical methods. _910397 |
|
| 910 | _aLEE:LEE:951122 | ||
| 942 |
_2lcc _cBK |
||
| 949 |
_aul _b000285471 _g1 _t8 |
||
| 999 |
_c14362 _d14362 |
||